00512 2200181 4500001002100000008004100021035002000062245007800082100001800160250000600178260004200184300002600226020002200252084001800274082001100292650001500303990001200318INLIS000000000001405 Ind  a0010-0924000002 aMuslim KepobNabi Adam AS., Manuasia Raksasa dan DinosauruscHikmat Usman aUsman, Hikmat a1 aJakartabPT. Falcon Interactivec2017 a154 hlmc28,5 x 18 cm a978-602-6714-11-1 a297.246 HIK m a297246 aIlmu Murni a0750906